Current issues in cost- benefit analysis (Record no. 500383)

000 -LEADER
fixed length control field 00363cam a22001217a 4500
008 - FIXED-LENGTH DATA ELEMENTS--GENERAL INFORMATION
fixed length control field 180718b1969 xxu||||| |||| 00| 0 eng d
082 ## - DEWEY DECIMAL CLASSIFICATION NUMBER
Classification number L1 Un3cc
100 ## - MAIN ENTRY--PERSONAL NAME
Personal name Walash, HG
245 ## - TITLE STATEMENT
Title Current issues in cost- benefit analysis
Statement of responsibility, etc. by HG Walsh and Alan Williams
260 ## - PUBLICATION, DISTRIBUTION, ETC.
Place of publication, distribution, etc. London
Name of publisher, distributor, etc. Her Majesty's Stationery Office
Date of publication, distribution, etc. 1969
300 ## - PHYSICAL DESCRIPTION
Extent 19p.
700 ## - ADDED ENTRY--PERSONAL NAME
Personal name Williams, Alan
Holdings
Withdrawn status Lost status Damaged status Not for loan Permanent Location Current Location Date acquired Full call number Barcode Date last seen Price effective from Koha item type
        Indian Institute of Public Administration Indian Institute of Public Administration 2018-08-04 L1 Un3cc G10176 2018-08-04 2018-08-04 G

Powered by Koha